000 00652nam a2200241 i 4500
001 C2-0154043
003 PPAK
005 20180727132040.0
008 980330s1995 my a|||| ||||| | may d
020 _a9838995134
040 _aPPAK
_beng
_cPPAK
_erda
082 0 4 _a616.12
_223
090 0 0 _a616.12
_bWAN
_dG
100 0 _aWan Azman Wan Ahmad,
_eauthor
245 1 0 _aDenyutan hari esok
264 1 _aKuala Lumpur :
_bS. Abdul Majeed ,
_c1995
300 _a158 pages :
_billustrations ;
_c19 cm
336 _2rdacontent
_atext
337 _2rdamedia
_aunmediated
338 _2rdacarrier
_avolume
650 1 0 _aHeart - Diseases
942 _ddc
_cB
999 _c47574
_d47574